Сахар крови : (Record no. 513693)
[ view plain ]
| 000 -LEADER | |
|---|---|
| fixed length control field | 00901-am-a2200205-a-4500 |
| 001 - CONTROL NUMBER | |
| control field | 000169907 |
| 003 - CONTROL NUMBER IDENTIFIER | |
| control field | AM-YEHGA |
| 005 - DATE AND TIME OF LATEST TRANSACTION | |
| control field | 20250617163838.0 |
| 008 - FIXED-LENGTH DATA ELEMENTS--GENERAL INFORMATION | |
| fixed length control field | 990508s1962 xxu 000 0 rus u |
| 020 ## - INTERNATIONAL STANDARD BOOK NUMBER | |
| Terms of availability | 2.16 |
| 040 ## - CATALOGING SOURCE | |
| Original cataloging agency | AM-YeHGA |
| 041 ## - LANGUAGE CODE | |
| Language code of text/sound track or separate title | rus |
| 090 ## - LOCALLY ASSIGNED LC-TYPE CALL NUMBER (OCLC); LOCAL CALL NUMBER (RLIN) | |
| -- | 517208 |
| 100 1# - MAIN ENTRY--PERSONAL NAME | |
| Personal name | Лейбсон, Лев Германович |
| 245 10 - TITLE STATEMENT | |
| Title | Сахар крови : |
| Remainder of title | Регуляция содержания сахара в крови у животных и человека / |
| Statement of responsibility, etc. | Л.Г. Лейбсон ; АН СССР. Ин-т эволюционной физиологии им. И.М. Сеченова. |
| 260 0# - PUBLICATION, DISTRIBUTION, ETC. | |
| Place of publication, distribution, etc. | Л., |
| -- | Москва : |
| Name of publisher, distributor, etc. | АН СССР. Ленингр. отд-ние , |
| Date of publication, distribution, etc. | 1962. |
| 300 ## - PHYSICAL DESCRIPTION | |
| Extent | 400 с. |
| 650 14 - SUBJECT ADDED ENTRY--TOPICAL TERM | |
| Topical term or geographic name entry element | Здравоохранение, медицина |
| 710 2# - ADDED ENTRY--CORPORATE NAME | |
| Corporate name or jurisdiction name as entry element | Ин-т эволюционной физиологии им. И.М. Сеченова АН СССР |
| Withdrawn status | Lost status | Damaged status | Not for loan | Collection | Home library | Current library | Date acquired | Total checkouts | Full call number | Barcode | Date last seen | Price effective from | Koha item type | Public note |
|---|---|---|---|---|---|---|---|---|---|---|---|---|---|---|
| General | Fundamental Scientific Library | Fundamental Scientific Library | 09/08/2021 | РII/58873 | FL0655960 | 09/08/2021 | 09/08/2021 | Գրքեր / Books | 30 Days Loan | |||||
| General | Fundamental Scientific Library | Fundamental Scientific Library | 17/09/2021 | РII/61881 | FL0657908 | 17/09/2021 | 17/09/2021 | Գրքեր / Books | 30 Days Loan | |||||
| General | Fundamental Scientific Library | Fundamental Scientific Library | 07/10/2021 | РII/63191 | FL0661132 | 07/10/2021 | 07/10/2021 | Գրքեր / Books | 30 Days Loan |
ՀՀ Գիտությունների ազգային ակադեմիայի հիմնարար գիտական գրադարան = Fundamental Scientific Library of NAS RA
All site content, except where otherwise noted, is licensed under a